| 000 | 02276nam0a2200373 4500 | ||
|---|---|---|---|
| 001 | RU\NLR\BIBL_A\011911924 | ||
| 005 | 20250904134853.0 | ||
| 010 |
_a978-5-00019-508-6 _9300 |
||
| 021 |
_aRU _bКН-П-18-094787 _9КН-П-18-6879 |
||
| 035 | _a(NLR Aleph) 011911924 | ||
| 035 | _a(RuMoRGB)009837515 | ||
| 090 |
_a10941575 _c10941575 |
||
| 100 | _a20190117d2015 u y0rusy50 ca | ||
| 101 | 0 | _arus | |
| 102 | _aRU | ||
| 105 | _aa|||zzzz0|1yy | ||
| 200 | 1 |
_aВведение в технологию поверхностного упрочнения металла _fР. Глинер, В. Астащенко _gКазанский (Приволжский) федеральный университет, Набережночелнинский институт |
|
| 210 |
_aКазань _cИзд-во Казанского университета _d2015 |
||
| 215 |
_a340 с. _cил., табл. _d20 |
||
| 300 | _aВ предисл. авт.: профессора Р. Е. Гинер, В. И. Астащенко | ||
| 313 | _aУчебное пособие фактически является вторым изданием вышедшего ранее пособия "Технология поверхностного упрочнения металлов термической и пластической обработкой", 2008 г. | ||
| 320 | _aБиблиогр.: с. 337-340 (54 назв.) | ||
| 606 | 1 |
_aУпрочнение металлов поверхностное _jУчебные издания для высших учебных заведений _2nlr_sh1 _2nlr_sh2 _3RU\NLR\AUTH\66352466 |
|
| 686 | 1 | _aК65я73-1 | |
| 700 | 1 |
_aГлинер _bР. Е. _gРоман Ефимович |
|
| 701 | 1 |
_aАстащенко _bВ. И. _gВладимир Иванович |
|
| 856 | 4 |
_lSV_MBA _tVIEW _uhttps://webservices.nlr.ru/viewer/file?name=p011911924_002.jpg _x001 _yСтраница |
|
| 856 | 4 |
_lSV_MBA _tVIEW _uhttps://webservices.nlr.ru/viewer/file?name=p011911924_003.jpg _x002 _yСтраница |
|
| 856 | 4 | 1 |
_lSV_MBA _tVIEW _uhttps://webservices.nlr.ru/viewer/file?name=t011911924_001.jpg _yОбложка |
| 942 | _cBOOK | ||
| 980 | _aNB | ||
| 980 | _aNBR | ||